ARRUPE JESUIT UNIVERSITY

CORONAVIRUS -STOP THE SPREAD - CLEAN,DISINFECT,COVER

Conceptual developments of 20th century field theories / (Record no. 121587)

MARC details
000 -LEADER
fixed length control field 01576mam a2200277 a 4500
001 - CONTROL NUMBER
control field 1961812
003 - CONTROL NUMBER IDENTIFIER
control field ARRUPE
005 - DATE AND TIME OF LATEST TRANSACTION
control field 20150127143132.0
008 - FIXED-LENGTH DATA ELEMENTS--GENERAL INFORMATION
fixed length control field 960614s1997 enk b 001 0 eng
010 ## - LIBRARY OF CONGRESS CONTROL NUMBER
LC control number 96025090
020 ## - INTERNATIONAL STANDARD BOOK NUMBER
International Standard Book Number 0521431786
035 ## - SYSTEM CONTROL NUMBER
System control number (OCoLC)ocm35043034
040 ## - CATALOGING SOURCE
Original cataloging agency DLC
Transcribing agency DLC
Modifying agency C#P
-- OrLoB-B
050 00 - LIBRARY OF CONGRESS CALL NUMBER
Classification number QC794.6.G7
Item number C36 1996
082 00 - DEWEY DECIMAL CLASSIFICATION NUMBER
Classification number 530.1/4/0904
Edition number 20
300 ## - PHYSICAL DESCRIPTION
Dimensions 26 cm.
100 1# - MAIN ENTRY--PERSONAL NAME
Personal name Cao, Tian Yu,
Dates associated with a name 1941-
9 (RLIN) 13716
245 10 - TITLE STATEMENT
Title Conceptual developments of 20th century field theories /
Statement of responsibility, etc Tian Yu Cao.
246 3# - VARYING FORM OF TITLE
Title proper/short title Conceptual developments of twentieth century field theories
260 ## - PUBLICATION, DISTRIBUTION, ETC. (IMPRINT)
Place of publication, distribution, etc Cambridge, U.K. ;
-- New York :
Name of publisher, distributor, etc Cambridge University Press,
Date of publication, distribution, etc 1997.
300 ## - PHYSICAL DESCRIPTION
Extent xx, 433 p. ;
504 ## - BIBLIOGRAPHY, ETC. NOTE
Bibliography, etc Includes bibliographical references (p. 377-419) and indexes.
505 00 - FORMATTED CONTENTS NOTE
Miscellaneous information 1.
Title Introduction --
Miscellaneous information 2.
Title The rise of classical field theory --
Miscellaneous information 3.
Title Einstein's route to the gravitational field --
Miscellaneous information 4.
Title The general theory of relativity (GTR) --
Miscellaneous information 5.
Title The geometrical programme (GP) --
Miscellaneous information 6.
Title The rise of quantum theory --
Miscellaneous information 7.
Title The formation of the conceptual foundations of quantum field theory --
Miscellaneous information 8.
Title The quantum field programme (QFP) --
Miscellaneous information 9.
Title The route to gauge fields --
Miscellaneous information 10.
Title The formation of the conceptual foundations of gauge field theories --
Miscellaneous information 11.
Title The gauge field programme (GFP) --
Miscellaneous information 12.
Title Ontological synthesis and scientific realism --
Miscellaneous information App. A1.
Title The rise of intrinsic, local, and dynamic geometry --
Miscellaneous information App. A2.
Title Homotopy classes and homotopy groups.
650 #0 - SUBJECT ADDED ENTRY--TOPICAL TERM
Topical term or geographic name as entry element Unified field theories.
9 (RLIN) 13717
900 ## - EQUIVALENCE OR CROSS-REFERENCE-PERSONAL NAME [LOCAL, CANADA]
Numeration TOC
942 ## - ADDED ENTRY ELEMENTS (KOHA)
Source of classification or shelving scheme Library of Congress Classification
Koha item type Monograph ( Printed materials)
Holdings
Withdrawn status Lost status Source of classification or shelving scheme Damaged status Not for loan Collection code Home library Current library Shelving location Date acquired Total Checkouts Full call number Barcode Date last seen Price effective from Koha item type
    Library of Congress Classification     Main Collection ARRUPE LIBRARY ARRUPE LIBRARY Main Collection 09/01/2015   QC794.6.G7 C36 1996 46500003358 02/07/2019 09/01/2015 Monograph ( Printed materials)

 

Arrupe Library. PO Box MP320 Mt Pleasant, Harare, Zimbabwe
263 242 745411|librarian@aju.ac.zw